000 00317nam a2200133Ia 4500
005 20251222144832.0
008 251222s9999||||xx |||||||||||||| ||spa||
082 _a610/P29
100 _aPaulino Tevar, Javier
245 0 _aReumatologĂ­a:
250 _a1ra. ed.
264 _bGrupo Aula Médica, S.A.
942 _cLIB
999 _c20899
_d20899